00374 a2200121 4500001001000000005001700010008004100027245005900068100001700127700002200144773006900166999001700235ART_1464020260410161913.0260409a 10aInequality and social status in successive generations1 aTheil, Henri1 aStambaugh, Robert0 tEuropean economic reviewg- Vol. 10, NÂș 2 (nov. 1977)wREV13346 c26967d26967